| 000 | 00808nam a2200181 i 4500 | ||
|---|---|---|---|
| 001 | 163005 | ||
| 003 | ES-MaACL | ||
| 005 | 20230906212639.0 | ||
| 008 | 050711q1830 xxka | |||||||| ||eng d | ||
| 040 |
_aCAM _bspa _cCAM |
||
| 100 | 1 |
_aRead, John. _995669 |
|
| 245 | 1 | 0 |
_aA description of Read's patent syringe or Stomach Pump and lavement apparatus ... _b: containing also testimonials of its superior utility ... / _cby John Read. |
| 260 |
_aLondon : _b[s.n., _cs.a.] ( _fprinted by W. Glendinning) |
||
| 300 |
_a28 p., [4] h. : _bil. ; _c22 cm. |
||
| 505 | 8 | _aLas [4] h. corresponden a: "Testimonial of the superiority of Read's Patent stomach pump", donde consta la fecha 1830 | |
| 650 | 4 |
_aMedicina- _xMaterial y equipo. _9152803 |
|
| 852 |
_aES-MaACL _jR-1367(9) _z-- Enc. hol. _z.- Donat. Mateo Seoane |
||
| 999 |
_c163005 _d163005 |
||